LEADER 00882nam0-22003131i-450- 001 990005421330403321 005 20080514142410.0 035 $a000542133 035 $aFED01000542133 035 $a(Aleph)000542133FED01 035 $a000542133 100 $a19990604d1947----km-y0itay50------ba 101 0 $aita 105 $ay-------001yy 200 1 $aEuropa federata$fF. Parri ... [et. al.]$gintroduzione di Ernesto Rossi 210 $aMilano$cEdizioni di Comunità$d1947 215 $a92 p.$d23 cm 676 $a321.02094 702 1$aParri,$bFerruccio 702 1$aRossi,$bErnesto$f<1897-1967> 801 0$aIT$bUNINA$gRICA$2UNIMARC 901 $aBK 912 $a990005421330403321 952 $a321.02 CAL 1$bST.MED.MOD. 197$fFLFBC 952 $aSE 044.05.013-$b012811$fDECSE 959 $aFLFBC 959 $aDECSE 996 $aEuropa federata$955506 997 $aUNINA LEADER 00957nam0-22003371--450 001 990009309240403321 005 20190211130114.0 035 $a000930924 035 $aFED01000930924 035 $a(Aleph)000930924FED01 035 $a000930924 100 $a20110119d1934----km-y0itay50------ba 101 0 $aita 102 $aIT 105 $ay-------001yy 200 1 $aIntroduzione alla filosofia$fAntonio Rosmini 210 $aRoma$canonima romana editoriale$d1934 215 $a402p.$d25cm 225 1 $aOpere edite e inedite di Antonio Rosmini$v2 676 $a100$v11 rid.$zita 676 $a195$v20 700 1$aRosmini,$bAntonio$f<1797-1855 >$0303763 801 0$aIT$bUNINA$gRICA$2UNIMARC 901 $aBK 912 $a990009309240403321 952 $aP.1 8i ROS 1 (2)$bBIBL. 13243$fFLFBC 952 $aXI Rosmini 6 (2)$b30621$fFGBC 959 $aFGBC 959 $aFLFBC 996 $aIntroduzione alla filosofia$9222217 997 $aUNINA